MDQL
is popping MORE tags! Check the
thread
!
Quizzes
Events
Quiz Creation
Community
Videos
Private Events
Remove Ads
Sign In
Join for FREE
Feedback
Dark Mode
Quiz Categories
Sports
Geography
Music
Movies
Television
Just For Fun
Miscellaneous
History
Literature
Language
Science
Gaming
Entertainment
Religion
Holiday
For Kids
Quiz Lab
Recent
Popular Today
Quiz Kudos Today
Editor Picks
Curator Picks
Quizzes by...
Day
Popularity
Type
Ratings
Length
Year
Community
Subscriptions
Recent Discussions
Orange Saloon
Badges
Playlists
Quests
Create
Leaderboards
Showdown
Live 5
Trivia Bingo
Activity
Puzzle Library
Sporcle Events
Private Events
Virtual Trivia
Globe League
Become a Host
Pub Owners
SporcleCon
Opinionation
Our Games
Videos
Blog
Mobile Apps
Partnerships
Remove Ads and Go Orange
Feedback
Just For Fun
Clickable
Get the Picture
Humor
Quick Pick
Word Ladder
Missing Word
Mixed Word
Blitz
Minefield
This or That
Alphabet
Color
Typing
Sporcle
Puzzle
Word Play
Follow That Line
Logic
Just For Fun
Clickable
Get the Picture
Humor
Quick Pick
Word Ladder
Missing Word
Mixed Word
Blitz
Minefield
This or That
Alphabet
Color
Typing
Sporcle
Puzzle
Word Play
Follow That Line
Logic
Random Quiz
Search Sporcle
×
Quiz Lab
Quiz Lab
Just For Fun
Word Ladder
Type in answers that appear in a list
Type in answers that appear in a list
Classic
Best Score? Go Orange.
Word Ladder: Philly Sports Stats
Can you name the five letter words in this word ladder that have the names of sports teams from Philadelphia?
By
MrSaturn64
3m
21 Questions
202 Plays
202 Plays
202 Plays
Comments
Comments
Give Quiz Kudos
Give Quiz Kudos
-
- Ratings
hide this ad
Replay
Link that replays current quiz
Next Quiz
Link to next quiz in quiz playlist
You Got
0%
They Got
Avg Score
47%
Avg Friend Score
Upgrade to see
Score Distribution
Jump to the score distribution portion of the page
Score
0/21
Timer
03:00
0
Plays Today
Hint
5 Letter Word
% Correct
Cats have 9 of these
LIVES
73.1%
Philadelphia NFL player
EAGLE
70.1%
Philadelphia NBA player
SIXER
64.2%
Books have a front and back
COVER
64.2%
Romantic person
LOVER
62.7%
Connections between two points
LINES
62.2%
Philadelphia NHL player
FLYER
60.2%
Explosives planted in the ground
MINES
60.2%
Organ that performs protein synthesis
LIVER
60.2%
One who blends
MIXER
51.7%
Confuses two things
MIXES
50.2%
Hint
5 Letter Word
% Correct
Grand entrance hall of a house or hotel
FOYER
49.3%
More shy
COYER
46.3%
Adult female horses
MARES
43.8%
Multiple VIs
SIXES
43.8%
Wet, swampy grounds
MIRES
35.3%
Male soverigns
SIRES
33.8%
Rock, country, and folk singer-
songwriter Steve
EARLE
22.9%
Fertilizers consisting of clay and calcium carbonate
MARLS
18.4%
'Chrono Trigger' princess
MARLE
17.4%
Discuss terms with an enemy
PARLE
14.9%
Quiz Playlist
Details
Report
Send in Message
Add To Playlist
Classic:
Type in answers that appear in a list
Last Updated: Aug 19, 2017
Quiz Scoreboard
CHALLENGE
Sign Up to Join the Scoreboard
Show All
Scores
Hide
Comments
May contain spoilers
Recently Published
Holiday 10x10 Sorting Gallery
by lukepisani3
Holiday
15m
Two Season TV Shows II
by 123Four
Television
10m
Image Sorting: Flags VI
by Barbecue
Geography
2m
More to Explore
Quiz From the Vault
Featured Blog Post
14 Easter Pick-up Lines to Find Eggs With
hide this ad
You Might Also Like...
Tags
Letter Quiz
Word Ladder Quiz
Five
Philadelphia
Philadelphia 76ers
Philadelphia Eagles
Philadelphia Flyers
Philly
team
Today's Top Quizzes in Just For Fun
Browse Just For Fun
hide this ad
Today's Top Quizzes in Word Ladder
Browse Word Ladder
Top Contributed Quizzes in Just For Fun
1
Name Just One - 10 to 1: Just For Fun
2
Missing Word: 2-Letter A-Z II
3
Avatar the Last Airbender: Logic Puzzle
4
Missing Letter Whitney Houston Songs
5
Missing Word: 'Of' Things A-Z
6
It's Magic / Witchcraft 🎩🪄🧙♀️
7
Eurovision 2024 Countries Logic Puzzle
8
Survivor Winners Logic Puzzle
9
Missing Word: 'Of' Things A-Z II
10
Killer Double Trees 224 - Colour Match-Up
Explore More
Trending Topics
Anime
Kpop
Marvel
Disney
Crossword
NBA
Harry Potter
NFL
Song
The Office
Soccer
Country
WWE
Pokémon
Puzzle
hide this ad
More By:
MrSaturn64
Quiz
Plays
Rating
Category
Featured
Created
Taller Than the Eiffel Tower
40,952
4.47
Geography
Jul 10, 2017
Things in the National Museum of American History
34,977
4.67
History
Dec 31, 2018
Bad Movies by Description
31,054
4.64
Movies
Feb 16, 2018
Years by Highest-Grossing Movies (1990s)
29,179
4.57
Movies
Jun 25, 2019
Star Wars Movie by Opening Crawl
28,959
4.71
Movies
Aug 25, 2016
Go to Creator's Profile
Score Distribution
Quiz Creator Spotlight
MrSaturn64
Follow
Send a Message
Quizzes Created
-
Created Quiz Play Count
-
More By This Creator
Popular Quizzes Today
1
Find the US States - No Outlines Minefield
2
Colored Red Africa Blitz
3
Find the 'City' Movie
4
The Countries of the World
5
5x2 Blitz: Bands
6
Find the Countries of Europe - No Outlines Minefield
7
Find the US States
8
US States
More Just For Fun Quizzes
Missing Word: 'K' Names
Published
Trending Quizzes
Colored Red Europe Blitz I
Colored Red Africa Blitz II
Colored Red Europe Blitz II
Even More Two Season TV Shows
Colored Red Africa Blitz III
Recently Updated
Odd Team Out - Big 4 Players
pecheneg
Quick Pick: 20 Twenties
pecheneg
March Madness Men's Triple Doubles
pecheneg
How Do You Spell That?
pecheneg
Godzilla Movies
pecheneg
Grab Bag: 4-10 Letters
pecheneg
2024 March Madness Bracket
pecheneg
Famous TV Couples
Peacemaker
Champions League XIs: Real Madrid
pecheneg
Largest US Cities 1790-2010
pecheneg
Trending Topics
NBA
Disney
Kpop
Anime
Marvel
Crossword
Harry Potter
NFL
Soccer
WWE
The Office
Pokémon
Song
Puzzle
Country
Your Account Isn't Verified!
In order to create a playlist on Sporcle, you need to verify the email address you used during registration. Go to your
Sporcle Settings
to finish the process.
Report this User
Report this user for behavior that violates our
Community Guidelines
.
Details:
Send Report
Go to the Sporcle.com Mobile Site →
Comments